Zostavenie konsolidovanej účtovnej závierky podľa IFRS diplomová práca

Salvato in:
Dettagli Bibliografici
Autore principale: Hazalová, Daniela
Ente Autore: Fakulta hospodárskej informatiky EU. Katedra účtovníctva a audítorstva
Altri autori: Hornická, Renáta, 1977-
Natura: Libro
Lingua:slovacco
Pubblicazione: Bratislava 2012
Tags: Aggiungi Tag
Nessun Tag, puoi essere il primo ad aggiungerne!!

MARC

LEADER 00000nbm a2200000 4500
001 0154778
005 20161109102144.2
041 0 |a slo 
044 |a SK 
245 1 0 |a Zostavenie konsolidovanej účtovnej závierky podľa IFRS  |b diplomová práca  |c Daniela Hazalová ; školiteľ: Renáta Hornická 
264 1 |a Bratislava  |c 2012 
300 |a 68 s. 
100 1 |a Hazalová, Daniela 
700 1 |a Hornická, Renáta, 1977- 
710 2 |a Fakulta hospodárskej informatiky EU. Katedra účtovníctva a audítorstva